000
00274nam a2200109Ia 4500
008
190912s9999||||xx |||||||||||||| ||und||
100
_a
Booch, Jacobson
245
4
_a
The Unified Modelling Language User Guide
260
_a
India
_b
Addision
_c
1999
300
_a
482
942
_c
BK
999
_c
7503
_d
7503